Social market economy principles and implementation : (Record no. 283885)
[ view plain ]
| 000 -LEADER | |
|---|---|
| fixed length control field | 01375cam a22003734a 4500 |
| 001 - CONTROL NUMBER | |
| control field | 16622781 |
| 003 - CONTROL NUMBER IDENTIFIER | |
| control field | PILC |
| 005 - DATE AND TIME OF LATEST TRANSACTION | |
| control field | 20150507121900.0 |
| 008 - FIXED-LENGTH DATA ELEMENTS--GENERAL INFORMATION | |
| fixed length control field | 110124s2008 si a bd 001 0deng |
| 010 ## - LIBRARY OF CONGRESS CONTROL NUMBER | |
| LC control number | 2011315025 |
| 020 ## - INTERNATIONAL STANDARD BOOK NUMBER | |
| International Standard Book Number | 9780980254372 |
| 020 ## - INTERNATIONAL STANDARD BOOK NUMBER | |
| International Standard Book Number | 9780980254372 |
| 040 ## - CATALOGING SOURCE | |
| Original cataloging agency | DLC |
| Transcribing agency | DLC |
| Modifying agency | DLC |
| 041 1# - LANGUAGE CODE | |
| Language code of text/sound track or separate title | eng |
| Language code of original and/or intermediate translations of text | ger |
| 042 ## - AUTHENTICATION CODE | |
| Authentication code | lcode |
| 043 ## - GEOGRAPHIC AREA CODE | |
| Geographic area code | e-gx--- |
| 050 00 - LIBRARY OF CONGRESS CALL NUMBER | |
| Classification number | HC 286.8 |
| Item number | .So678 2008 |
| 130 0# - MAIN ENTRY--UNIFORM TITLE | |
| Uniform title | Lexikon Soziale Marktwirtschaft. |
| Language of a work | English |
| 245 10 - TITLE STATEMENT | |
| Title | Social market economy principles and implementation : |
| Remainder of title | economic policy from A to Z / |
| Statement of responsibility, etc | edited by Rolf H. Hasse, Hermann Schneider & Klaus Weigelt. |
| 260 ## - PUBLICATION, DISTRIBUTION, ETC. (IMPRINT) | |
| Place of publication, distribution, etc | Singapore : |
| Name of publisher, distributor, etc | Konrad Adenauer Stiftung, |
| Date of publication, distribution, etc | 2008. |
| 300 ## - PHYSICAL DESCRIPTION | |
| Extent | 536 pages : |
| Other physical details | illustrations ; |
| Dimensions | 25 cm. |
| 500 ## - GENERAL NOTE | |
| General note | "Second updated and extended edition"--T.p. verso. |
| 500 ## - GENERAL NOTE | |
| General note | First published: Paderborn : F. Schöningh, c2002. |
| 504 ## - BIBLIOGRAPHY, ETC. NOTE | |
| Bibliography, etc | Includes bibliographical references and index. |
| 650 ## - SUBJECT ADDED ENTRY--TOPICAL TERM | |
| Source of heading or term | Germany |
| Topical term or geographic name as entry element | Economic policy |
| General subdivision | Dictionaries. |
| Chronological subdivision | 1990- |
| 651 #0 - SUBJECT ADDED ENTRY--GEOGRAPHIC NAME | |
| Geographic name | Germany |
| General subdivision | Social policy |
| Form subdivision | Dictionaries. |
| 700 1# - ADDED ENTRY--PERSONAL NAME | |
| Personal name | Hasse, Rolf. |
| 700 1# - ADDED ENTRY--PERSONAL NAME | |
| Personal name | Schneider, Hermann, |
| Dates associated with a name | 1940- |
| 700 1# - ADDED ENTRY--PERSONAL NAME | |
| Personal name | Weigelt, Klaus. |
| 856 41 - ELECTRONIC LOCATION AND ACCESS | |
| Materials specified | Table of contents only |
| Uniform Resource Identifier | <a href="http://www.loc.gov/catdir/toc/fy11pdf04/2011315025.html">http://www.loc.gov/catdir/toc/fy11pdf04/2011315025.html</a> |
| 906 ## - LOCAL DATA ELEMENT F, LDF (RLIN) | |
| a | 7 |
| b | cbc |
| c | origode |
| d | 3 |
| e | ncip |
| f | 20 |
| g | y-gencatlg |
| 942 ## - ADDED ENTRY ELEMENTS (KOHA) | |
| Source of classification or shelving scheme | Library of Congress Classification |
| Koha item type | Books |
| Withdrawn status | Lost status | Source of classification or shelving scheme | Damaged status | Home library | Current library | Shelving location | Date acquired | Source of acquisition | Sub Shelving location | Total Checkouts | Full call number | Barcode | Date last seen | Price effective from | Koha item type |
|---|---|---|---|---|---|---|---|---|---|---|---|---|---|---|---|
| Library of Congress Classification | Southville International School Affiliated with Foreign Universities Library | Southville International School Affiliated with Foreign Universities Library | Southville Foreign University Section | 05/07/2015 | Library Fund | HC 286.8 .So678 2008 | SFU1914 | 05/15/2018 | 05/07/2015 | Books |